| 000 | 00542nam a2200181 i 4500 | ||
|---|---|---|---|
| 001 | 86683 | ||
| 003 | ES-MaACL | ||
| 005 | 20230906175513.0 | ||
| 007 | t| | ||
| 008 | 041215s1972 it ||||1| ita d | ||
| 100 | 1 |
_aKindleberger, Charles Poor. _9143268 |
|
| 245 | 1 | 0 |
_aPotere e denaro / _cCharles P. Kindleberger ; [traduzione dall'inglese di Giovanni Rossi]. |
| 250 | _a[1ยช ed.]. | ||
| 260 |
_a[Milano] : _bGarzanti, _c[1972] |
||
| 300 |
_a333 p. ; _c22 cm. |
||
| 700 | 1 |
_aRossi, Giovanni. _999872 |
|
| 852 |
_aES-MaACL _jE-5877 _bR.90196 |
||
| 999 |
_c86683 _d86683 |
||